<?xml version="1.0" encoding="UTF-8"?>
<record
    xmlns:xsi="http://www.w3.org/2001/XMLSchema-instance"
    xsi:schemaLocation="http://www.loc.gov/MARC21/slim http://www.loc.gov/standards/marcxml/schema/MARC21slim.xsd"
    xmlns="http://www.loc.gov/MARC21/slim">

  <leader>01569nam a22002657a 4500</leader>
  <controlfield tag="001">1313</controlfield>
  <controlfield tag="005">20231010093205.0</controlfield>
  <datafield tag="020" ind1=" " ind2=" ">
    <subfield code="a">9789996305771</subfield>
  </datafield>
  <datafield tag="040" ind1=" " ind2=" ">
    <subfield code="a">FISKH</subfield>
    <subfield code="b">eng</subfield>
    <subfield code="c">FISKH</subfield>
    <subfield code="d">FISKH</subfield>
  </datafield>
  <datafield tag="082" ind1=" " ind2=" ">
    <subfield code="a">599.757</subfield>
  </datafield>
  <datafield tag="100" ind1=" " ind2=" ">
    <subfield code="a">Sodany, Ouch </subfield>
  </datafield>
  <datafield tag="245" ind1=" " ind2=" ">
    <subfield code="a">&#x1794;&#x17C9;&#x17B6;&#x1794;&#x17C9;&#x17B6;! &#x17A2;&#x17B8;&#x1782;&#x17C1;&#x17A0;&#x17D2;&#x1793;&#x17B9;&#x1784;? /</subfield>
    <subfield code="c">&#x17A2;&#x17CA;&#x17BC;&#x1785; &#x179F;&#x17BC;&#x178A;&#x17B6;&#x1793;&#x17B8; - &#x179F;&#x17BD; &#x1782;&#x17B9;&#x1798;&#x179F;&#x17B6;&#x1793; </subfield>
  </datafield>
  <datafield tag="250" ind1=" " ind2=" ">
    <subfield code="a">&#x1782;&#x17D2;&#x179A;&#x17B7;&#x17C7;&#x179F;&#x17D2;&#x1790;&#x17B6;&#x1793;&#x1794;&#x17C4;&#x17C7;&#x1796;&#x17BB;&#x1798;&#x17D2;&#x1796; Sipar &#x1798;&#x17C1;&#x179F;&#x17B6; &#x17E2;&#x17E0;&#x17E2;&#x17E1; </subfield>
  </datafield>
  <datafield tag="260" ind1=" " ind2=" ">
    <subfield code="a">Phnom Penh : </subfield>
    <subfield code="b">Sipar, </subfield>
    <subfield code="c">2021. </subfield>
  </datafield>
  <datafield tag="300" ind1=" " ind2=" ">
    <subfield code="a">23 pages : </subfield>
    <subfield code="b">color illustrations ; </subfield>
    <subfield code="c">23 cm</subfield>
  </datafield>
  <datafield tag="505" ind1=" " ind2=" ">
    <subfield code="a">G 
</subfield>
  </datafield>
  <datafield tag="520" ind1=" " ind2=" ">
    <subfield code="a">&#x1793;&#x17C5;&#x178F;&#x17B6;&#x1798;&#x1795;&#x17D2;&#x179B;&#x17BC;&#x179C;&#x178F;&#x17D2;&#x179A;&#x17A1;&#x1794;&#x17CB;&#x1791;&#x17C5;&#x1795;&#x17D2;&#x1791;&#x17C7; &#x1780;&#x17BC;&#x1793;&#x178F;&#x17C4;&#x179F;&#x17BD;&#x179A;&#x1794;&#x17C9;&#x17B6;&#x178F;&#x17C4;&#x179A;&#x17A0;&#x17BC;&#x178F;&#x200B; &#x17D6; &#xAB;&#x1794;&#x17C9;&#x17B6;&#x1794;&#x17C9;&#x17B6;! &#x17A2;&#x17B8;&#x1782;&#x17C1;&#x17A0;&#x17D2;&#x1793;&#x17B9;&#x1784;?&#x200B;&#xBB;&#x17D4; &#x179C;&#x17B6;&#x1786;&#x17D2;&#x1784;&#x179B;&#x17CB;&#x1793;&#x17B7;&#x1784;&#x179F;&#x17BD;&#x179A;&#x1782;&#x17D2;&#x179A;&#x1794;&#x17CB;&#x179A;&#x17BF;&#x1784;&#x178A;&#x17BC;&#x1785;&#x1787;&#x17B6; &#x179F;&#x17D2;&#x179A;&#x1798;&#x17C4;&#x179B; &#x178A;&#x17B6;&#x1793;&#x1787;&#x17BE;&#x1784; &#x179F;&#x17C6;&#x17A1;&#x17C1;&#x1784;...... &#x1785;&#x1798;&#x17D2;&#x179B;&#x17BE;&#x1799;&#x1794;&#x17C9;&#x17B6;&#x178F;&#x17C4;&#x1792;&#x17D2;&#x179C;&#x17BE;&#x17A2;&#x17C4;&#x1799;&#x1780;&#x17BC;&#x1793;&#x178F;&#x17C4;&#x1796;&#x17C1;&#x1789;&#x1785;&#x17B7;&#x178F;&#x17D2;&#x178F; &#x1793;&#x17B7;&#x1784;&#x179A;&#x17B8;&#x1780;&#x179A;&#x17B6;&#x1799;&#x1787;&#x17B6;&#x1781;&#x17D2;&#x179B;&#x17B6;&#x17C6;&#x1784; &#x17D4;</subfield>
  </datafield>
  <datafield tag="520" ind1=" " ind2=" ">
    <subfield code="a">On the way back home, a young lion kept asking: "Daddy! Daddy!" What is it? &#x201D; He wonders and asks about everything such as shadows, footprints, and sounds... his father answers and  makes the baby lion satisfied and happy.</subfield>
  </datafield>
  <datafield tag="521" ind1=" " ind2=" ">
    <subfield code="a">380 
</subfield>
    <subfield code="b">Lexile estimate 
</subfield>
  </datafield>
  <datafield tag="521" ind1=" " ind2=" ">
    <subfield code="a">G 
</subfield>
    <subfield code="b">Raz-Plus </subfield>
  </datafield>
  <datafield tag="650" ind1=" " ind2=" ">
    <subfield code="a">&#x178F;&#x17C4;&#x200B;</subfield>
    <subfield code="v">&#x1786;&#x17D2;&#x1784;&#x179B;&#x17CB; </subfield>
    <subfield code="x">&#x1786;&#x17D2;&#x179B;&#x17BE;&#x1799;&#x178F;&#x1794; </subfield>
  </datafield>
  <datafield tag="650" ind1=" " ind2=" ">
    <subfield code="a">Lion </subfield>
    <subfield code="v">Wonder </subfield>
    <subfield code="x">Answer </subfield>
  </datafield>
  <datafield tag="700" ind1=" " ind2=" ">
    <subfield code="a">Kimsan, Sour </subfield>
    <subfield code="c">illustrator </subfield>
  </datafield>
  <datafield tag="942" ind1=" " ind2=" ">
    <subfield code="2">ddc</subfield>
    <subfield code="c">BK</subfield>
    <subfield code="n">0</subfield>
  </datafield>
  <datafield tag="999" ind1=" " ind2=" ">
    <subfield code="c">1313</subfield>
    <subfield code="d">1313</subfield>
  </datafield>
  <datafield tag="952" ind1=" " ind2=" ">
    <subfield code="0">0</subfield>
    <subfield code="1">0</subfield>
    <subfield code="2">ddc</subfield>
    <subfield code="4">0</subfield>
    <subfield code="7">0</subfield>
    <subfield code="8">KH</subfield>
    <subfield code="a">001</subfield>
    <subfield code="b">001</subfield>
    <subfield code="c">KHRS</subfield>
    <subfield code="d">2023-08-14</subfield>
    <subfield code="l">1</subfield>
    <subfield code="o">SOD 599.757</subfield>
    <subfield code="p">2023-0257</subfield>
    <subfield code="r">2026-03-20 08:06:00</subfield>
    <subfield code="s">2026-03-11</subfield>
    <subfield code="t">1</subfield>
    <subfield code="w">2023-08-14</subfield>
    <subfield code="y">KHB</subfield>
  </datafield>
  <datafield tag="952" ind1=" " ind2=" ">
    <subfield code="0">0</subfield>
    <subfield code="1">0</subfield>
    <subfield code="2">ddc</subfield>
    <subfield code="4">0</subfield>
    <subfield code="7">0</subfield>
    <subfield code="8">KH</subfield>
    <subfield code="a">001</subfield>
    <subfield code="b">001</subfield>
    <subfield code="c">KHRS</subfield>
    <subfield code="d">2023-08-14</subfield>
    <subfield code="l">1</subfield>
    <subfield code="o">SOD 599.757</subfield>
    <subfield code="p">2023-0258</subfield>
    <subfield code="r">2026-03-20 08:07:03</subfield>
    <subfield code="s">2026-03-11</subfield>
    <subfield code="t">2</subfield>
    <subfield code="w">2023-08-14</subfield>
    <subfield code="y">KHB</subfield>
  </datafield>
  <datafield tag="952" ind1=" " ind2=" ">
    <subfield code="0">0</subfield>
    <subfield code="1">0</subfield>
    <subfield code="2">ddc</subfield>
    <subfield code="4">0</subfield>
    <subfield code="7">0</subfield>
    <subfield code="8">KH</subfield>
    <subfield code="a">001</subfield>
    <subfield code="b">001</subfield>
    <subfield code="c">KHRS</subfield>
    <subfield code="d">2023-08-14</subfield>
    <subfield code="l">0</subfield>
    <subfield code="o">SOD 599.757</subfield>
    <subfield code="p">2023-0712</subfield>
    <subfield code="r">2023-10-10 09:32:00</subfield>
    <subfield code="t">3</subfield>
    <subfield code="w">2023-08-14</subfield>
    <subfield code="y">KHB</subfield>
  </datafield>
  <datafield tag="952" ind1=" " ind2=" ">
    <subfield code="0">0</subfield>
    <subfield code="1">0</subfield>
    <subfield code="2">ddc</subfield>
    <subfield code="4">0</subfield>
    <subfield code="7">0</subfield>
    <subfield code="8">KH</subfield>
    <subfield code="a">001</subfield>
    <subfield code="b">001</subfield>
    <subfield code="c">OKHR</subfield>
    <subfield code="d">2024-06-27</subfield>
    <subfield code="l">0</subfield>
    <subfield code="o">SOD 599.757</subfield>
    <subfield code="p">FISTK05230</subfield>
    <subfield code="r">2024-06-27 14:06:58</subfield>
    <subfield code="t">4</subfield>
    <subfield code="w">2024-06-27</subfield>
    <subfield code="y">KHB</subfield>
  </datafield>
  <datafield tag="952" ind1=" " ind2=" ">
    <subfield code="0">0</subfield>
    <subfield code="1">0</subfield>
    <subfield code="2">ddc</subfield>
    <subfield code="4">0</subfield>
    <subfield code="7">0</subfield>
    <subfield code="8">KH</subfield>
    <subfield code="a">001</subfield>
    <subfield code="b">001</subfield>
    <subfield code="c">OKHR</subfield>
    <subfield code="d">2024-06-27</subfield>
    <subfield code="l">2</subfield>
    <subfield code="o">SOD 599.757</subfield>
    <subfield code="p">FISTKG1B027</subfield>
    <subfield code="r">2025-08-29 14:40:16</subfield>
    <subfield code="s">2025-08-07</subfield>
    <subfield code="t">5</subfield>
    <subfield code="w">2024-06-27</subfield>
    <subfield code="y">KHB</subfield>
  </datafield>
  <datafield tag="952" ind1=" " ind2=" ">
    <subfield code="0">0</subfield>
    <subfield code="1">0</subfield>
    <subfield code="2">ddc</subfield>
    <subfield code="4">0</subfield>
    <subfield code="7">0</subfield>
    <subfield code="8">KH</subfield>
    <subfield code="a">001</subfield>
    <subfield code="b">001</subfield>
    <subfield code="c">OKHR</subfield>
    <subfield code="d">2024-07-08</subfield>
    <subfield code="l">1</subfield>
    <subfield code="o">SOD 599.757</subfield>
    <subfield code="p">FISTKG2A041</subfield>
    <subfield code="r">2024-12-04 14:44:18</subfield>
    <subfield code="s">2024-08-13</subfield>
    <subfield code="t">6</subfield>
    <subfield code="w">2024-07-08</subfield>
    <subfield code="y">KHB</subfield>
  </datafield>
  <datafield tag="952" ind1=" " ind2=" ">
    <subfield code="0">0</subfield>
    <subfield code="1">0</subfield>
    <subfield code="2">ddc</subfield>
    <subfield code="4">0</subfield>
    <subfield code="7">0</subfield>
    <subfield code="8">KH</subfield>
    <subfield code="a">001</subfield>
    <subfield code="b">001</subfield>
    <subfield code="c">OKHR</subfield>
    <subfield code="d">2024-07-08</subfield>
    <subfield code="l">0</subfield>
    <subfield code="o">SOD 599.757</subfield>
    <subfield code="p">FISTKG2A025</subfield>
    <subfield code="r">2024-07-08 11:11:05</subfield>
    <subfield code="t">7</subfield>
    <subfield code="w">2024-07-08</subfield>
    <subfield code="y">KHB</subfield>
  </datafield>
  <datafield tag="952" ind1=" " ind2=" ">
    <subfield code="0">0</subfield>
    <subfield code="1">0</subfield>
    <subfield code="2">ddc</subfield>
    <subfield code="4">0</subfield>
    <subfield code="7">0</subfield>
    <subfield code="8">KH</subfield>
    <subfield code="a">001</subfield>
    <subfield code="b">001</subfield>
    <subfield code="c">OKHR</subfield>
    <subfield code="d">2024-07-12</subfield>
    <subfield code="l">1</subfield>
    <subfield code="o">SOD 599.757</subfield>
    <subfield code="p">FISTKG2B039</subfield>
    <subfield code="r">2024-12-03 08:53:20</subfield>
    <subfield code="s">2024-08-23</subfield>
    <subfield code="t">8</subfield>
    <subfield code="w">2024-07-12</subfield>
    <subfield code="y">KHB</subfield>
  </datafield>
  <datafield tag="952" ind1=" " ind2=" ">
    <subfield code="0">0</subfield>
    <subfield code="1">0</subfield>
    <subfield code="2">ddc</subfield>
    <subfield code="4">0</subfield>
    <subfield code="7">0</subfield>
    <subfield code="8">KH</subfield>
    <subfield code="a">002</subfield>
    <subfield code="b">002</subfield>
    <subfield code="c">TTP Khmer</subfield>
    <subfield code="d">2025-08-21</subfield>
    <subfield code="l">0</subfield>
    <subfield code="o">SOD 599.757</subfield>
    <subfield code="p">2025-4172</subfield>
    <subfield code="r">2025-08-21 12:28:24</subfield>
    <subfield code="t">9</subfield>
    <subfield code="w">2025-08-21</subfield>
    <subfield code="y">KHB</subfield>
  </datafield>
  <datafield tag="952" ind1=" " ind2=" ">
    <subfield code="0">0</subfield>
    <subfield code="1">0</subfield>
    <subfield code="2">ddc</subfield>
    <subfield code="4">0</subfield>
    <subfield code="7">0</subfield>
    <subfield code="8">KH</subfield>
    <subfield code="a">002</subfield>
    <subfield code="b">002</subfield>
    <subfield code="c">TTP Khmer</subfield>
    <subfield code="d">2025-08-21</subfield>
    <subfield code="l">0</subfield>
    <subfield code="o">SOD 599.757</subfield>
    <subfield code="p">2025-4181</subfield>
    <subfield code="r">2025-08-21 12:40:17</subfield>
    <subfield code="t">10</subfield>
    <subfield code="w">2025-08-21</subfield>
    <subfield code="y">KHB</subfield>
  </datafield>
  <datafield tag="952" ind1=" " ind2=" ">
    <subfield code="0">0</subfield>
    <subfield code="1">0</subfield>
    <subfield code="2">ddc</subfield>
    <subfield code="4">0</subfield>
    <subfield code="7">0</subfield>
    <subfield code="8">KH</subfield>
    <subfield code="a">002</subfield>
    <subfield code="b">002</subfield>
    <subfield code="c">TTP Khmer</subfield>
    <subfield code="d">2025-08-21</subfield>
    <subfield code="l">0</subfield>
    <subfield code="o">SOD 599.757</subfield>
    <subfield code="p">2025-4188</subfield>
    <subfield code="r">2025-08-21 12:51:33</subfield>
    <subfield code="t">11</subfield>
    <subfield code="w">2025-08-21</subfield>
    <subfield code="y">KHB</subfield>
  </datafield>
  <datafield tag="952" ind1=" " ind2=" ">
    <subfield code="0">0</subfield>
    <subfield code="1">0</subfield>
    <subfield code="2">ddc</subfield>
    <subfield code="4">0</subfield>
    <subfield code="7">0</subfield>
    <subfield code="8">KH</subfield>
    <subfield code="a">002</subfield>
    <subfield code="b">002</subfield>
    <subfield code="c">TTP Khmer</subfield>
    <subfield code="d">2025-11-11</subfield>
    <subfield code="l">0</subfield>
    <subfield code="o">SOD 599.757</subfield>
    <subfield code="p">FISBK072209</subfield>
    <subfield code="r">2025-11-11 15:16:29</subfield>
    <subfield code="t">12</subfield>
    <subfield code="w">2025-11-11</subfield>
    <subfield code="y">KHB</subfield>
  </datafield>
  <datafield tag="952" ind1=" " ind2=" ">
    <subfield code="0">0</subfield>
    <subfield code="1">0</subfield>
    <subfield code="2">ddc</subfield>
    <subfield code="4">0</subfield>
    <subfield code="7">0</subfield>
    <subfield code="8">KH</subfield>
    <subfield code="a">002</subfield>
    <subfield code="b">002</subfield>
    <subfield code="c">TTP Khmer</subfield>
    <subfield code="d">2025-11-21</subfield>
    <subfield code="l">0</subfield>
    <subfield code="o">SOD 599.757</subfield>
    <subfield code="p">2025-4857</subfield>
    <subfield code="r">2025-11-21 09:38:56</subfield>
    <subfield code="t">13</subfield>
    <subfield code="w">2025-11-21</subfield>
    <subfield code="y">KHB</subfield>
  </datafield>
</record>
